00720cam a22002411 4500001001300000003000400013005001700017008004100034010001700075035002000092040001800112042001200130050001600142100003100158245003700189260001100226300002600237500010500263500001500368630003500383700004300418999001700461sa 68015237 DLC20260227112642.0890731s1968 ii 000 0 telo  asa 68015237  a(OCoLC)20105440 aDLCcWaUdDLC apremarc00aPK3639b.V91 aVyasamurty, Kaluri,d1906-10aTikkana kaḷā sāmrājyamu. c[1968] aii, 4, 159 p.c19 cm. aIncludes the text of Tikkana's Udyōgaparvamu, a version of the Udyogaparva of the Mahābhārata. aIn Telugu.00aMahābhārata.pUdyogaparva.0 aTikkana,d1220-1300.tUdyōgaparvamu. c86328d86328